书目信息 |
| 题名: |
人类敦煌
|
|
| 作者: | 肖东发 主编 ;高宇飞 编著 | |
| 分册: | ||
| 出版信息: | 北京 现代出版社 2015 |
|
| 页数: | 164页 | |
| 开本: | 24cm | |
| 丛书名: | 中华精神家园 | |
| 单 册: | ||
| 中图分类: | K870.64 | |
| 科图分类: | ||
| 主题词: | 敦煌学--研究 | |
| 电子资源: | ||
| ISBN: | 978-7-5143-2522-5 | |
| 000 | 00982nam0 2200265 450 | |
| 001 | 0103808483 | |
| 005 | 20160616105832.0 | |
| 010 | @a978-7-5143-2522-5@dCNY29.80 | |
| 100 | @a20160413d2015 em y0chiy0120 ea | |
| 101 | 0 | @achi |
| 102 | @aCN@b110000 | |
| 105 | @aa z 000yy | |
| 106 | @ar | |
| 200 | 1 | @a人类敦煌@9Ren Lei Dun;Dui Huang @e敦煌文化特色与形态@f肖东发主编@g高宇飞编著@b专著 |
| 210 | @a北京@c现代出版社@d2015 | |
| 215 | @a164页@c彩图@d24cm | |
| 225 | 1 | @a中华精神家园@i西部沃土 |
| 330 | @a本分为丝路明珠——敦煌历史、艺术宝库——敦煌石窟、佛教画廊——敦煌壁画、文献瑰宝——敦煌遗书共四部分。具体内容包括:河西走廊的丝路重镇、魏晋南北朝时期的敦煌、北凉北魏开凿的洞窟等。 | |
| 517 | 1 | @a敦煌文化特色与形态@9dun huang wen hua te se yu xing tai |
| 606 | 0 | @a敦煌学@x研究 |
| 690 | @aK870.64@v5 | |
| 701 | 0 | @a肖东发@9xiao dong fa@f(1949~2016)@4主编 |
| 702 | 0 | @a高宇飞@9gao yu fei@4编著 |
| 801 | 0 | @aCN@bJL@c20150901 |
| 905 | @aBZT@dK870.64@e1@f4@sK870.64/1 | |
| 人类敦煌:敦煌文化特色与形态/肖东发主编/高宇飞编著.-北京:现代出版社,2015 |
| 164页:彩图;24cm.-(中华精神家园.西部沃土) |
| ISBN 978-7-5143-2522-5:CNY29.80 |
| 本分为丝路明珠——敦煌历史、艺术宝库——敦煌石窟、佛教画廊——敦煌壁画、文献瑰宝——敦煌遗书共四部分。具体内容包括:河西走廊的丝路重镇、魏晋南北朝时期的敦煌、北凉北魏开凿的洞窟等。 |
| ● |
| 相关链接 |
|
|
|
正题名:人类敦煌
索取号:K870.64/1
 
预约/预借
| 序号 | 登录号 | 条形码 | 馆藏地/架位号 | 状态 | 备注 |
| 1 | 2000057406 | 2000057406 | 旧书回溯/ [索取号:K870.64/1] | 在馆 | |
| 2 | 2000057407 | 2000057407 | 旧书回溯/ [索取号:K870.64/1] | 在馆 | |
| 3 | 2000057408 | 2000057408 | 旧书回溯/ [索取号:K870.64/1] | 在馆 | |
| 4 | 2000058415 | 2000058415 | 旧书回溯/ [索取号:K870.64/1] | 在馆 |